| Tag |
First Indicator |
Second Indicator |
Subfields |
| LEADER |
00000cam a2200000 a 4500 |
| 001 |
in00000081978 |
| 005 |
20220103114823.0 |
| 007 |
cr unu a |
| 008 |
820524s1981 txua b 00010 eng d |
| 035 |
|
|
|9 AAJ3497AM
|
| 035 |
|
|
|a (OCoLC)08455123
|
| 040 |
|
|
|a TXA
|c TXA
|d UtOrBLW
|
| 049 |
|
|
|a TXAZ [Also in] [Archives]
|c 1 [1803648], 2 [1803649]
|
| 099 |
|
|
|a 1981
|a Thesis
|a G857
|
| 100 |
1 |
|
|a Grignoux, Patrice,
|d 1959-
|
| 245 |
1 |
0 |
|a Electrical characteristics of non-rectangular gate and transitional MOSFETS /
|c by Patrice Grignoux.
|
| 264 |
|
1 |
|a [Place of publication not identified] :
|b [publisher not identified] ;
|c 1981.
|
| 300 |
|
|
|a xi, 119 leaves :
|b illustrations ;
|c 29 cm.
|
| 336 |
|
|
|a text
|b txt
|2 rdacontent
|
| 337 |
|
|
|a computer
|b c
|2 rdamedia
|
| 338 |
|
|
|a online resource
|b cr
|2 rdacarrier
|
| 500 |
|
|
|a "Major subject: Electrical Engineering."
|
| 500 |
|
|
|a Typescript (photocopy).
|
| 500 |
|
|
|a Vita.
|
| 502 |
|
|
|b M.S.
|c Texas A&M University
|d 1981.
|
| 504 |
|
|
|a Bibliography: leaves 106-107.
|
| 530 |
|
|
|a Also available online.
|
| 650 |
|
0 |
|a Integrated circuits.
|
| 650 |
|
0 |
|a Metal oxide semiconductors.
|
| 650 |
|
0 |
|a Transistors.
|
| 650 |
|
4 |
|a Major electrical engineering.
|
| 856 |
4 |
1 |
|u https://hdl.handle.net/1969.1/ETD-TAMU-1981-THESIS-G857
|z Link to OAKTrust copy
|t 0
|
| 999 |
|
|
|a MARS
|
| 999 |
f |
f |
|s 95204223-fee8-3236-b6a7-d4dcf5d627c2
|i 96d724d7-7426-3954-b27e-16585b8261bf
|t 0
|
| 952 |
f |
f |
|p noncirc
|a Texas A&M University
|b J.J. Pickle Campus
|c High Density Repository
|s HDR
|d Remote Storage
|t 0
|e 1981 Thesis G857
|h Other scheme
|i computer -- online resource
|m A14841001143
|
| 952 |
f |
f |
|a Texas A&M University
|b College Station
|c Electronic Resources
|s www_evans
|d Available Online
|t 0
|e 1981 Thesis G857
|h Other scheme
|
| 998 |
f |
f |
|a 1981 Thesis G857
|t 0
|l Remote Storage
|
| 998 |
f |
f |
|a 1981 Thesis G857
|t 0
|l Available Online
|